000 01168nam a22003257a 4500
003 CHAP
005 20220329143214.0
008 070131d2005 mx ad r 00110 spa d
010 _a93259
011 _a94231
020 _a707200782
035 _a104816
040 _cCHAP
090 _aFolleto 16768 (2005)
110 2 _aMéxico. Presidente, 2000-2006 (Fox Quesada)
_977100
245 1 0 _aInforme de gobierno (5o.), México 2005:
_bconstruyendo un México fuerte con oportunidades para todos
_c/por Presidencia de la República
260 _aMéxico, D. F. :
_bPresidencia de la República,
_c2005
300 _a62 p. :
_bilus. ; cuadros
590 _aBATCH-UPD
_b10
_c20130110
_lUCH01
_h0652
590 _aBATCH-UPD
_b10
_c20130410
_lUCH01
_h0337
590 _aBATCH-UPD
_b10
_c20130914
_lUCH01
_h1434
590 _aBATCH-UPD
_b10
_c20161124
_lUCH01
_h1713
590 _aCONVERSION
_b10
_c20130109
_lUCH01
_h1352
651 4 _aMéxico
_xPolítica y gobierno.
_976783
700 0 _aFox Quesada, Vicente.
_942797
901 _aBK
905 _aMarco A. Mendoza T.
942 _cFOLL
949 _aFolleto 16768 (2005)
_bBC
_cFOLL
_d33724002012652
_eTS1
_gDonaciØn
_i104816
_sb
999 _c93259
_d93259